De la sucesión legítima o intestada (Record no. 45470)

MARC details
000 -LEADER
campo de control de longitud fija 00660nam a2200169 i 4500
001 - NÚMERO DE CONTROL
campo de control 45470
003 - IDENTIFICADOR DE NÚMERO DE CONTROL
campo de control ES-MaACL
005 - FECHA Y HORA DE LA ÚLTIMA TRANSACCIÓN
campo de control 20230906161225.0
007 - CAMPO FIJO DE DESCRIPCIÓN FÍSICA--INFORMACIÓN GENERAL
campo de control de longitud fija t|
008 - DATOS DE LONGITUD FIJA--INFORMACIÓN GENERAL
campo de control de longitud fija 030326s1908 sp ||||1| spa d
100 1# - ENTRADA PRINCIPAL--NOMBRE DE PERSONA
Nombre de persona Coll y Rodés, Ramón.
9 (RLIN) 39645
245 16 - MENCIÓN DEL TÍTULO
Título De la sucesión legítima o intestada
Resto del título : memoria leída en los ejercicios para obtener el grado de doctor en derecho verificados en la Universidad Central el día 28 de enero de 1907 /
Mención de responsabilidad, etc. por Ramón Coll y Rodés.
260 ## - PUBLICACIÓN, DISTRIBUCIÓN, ETC.
Lugar de publicación, distribución, etc. Barcelona :
Nombre del editor, distribuidor, etc. [s.n.],
Fecha de publicación, distribución, etc. 1908 (
Fabricante Tip. de Clemente Olivero)
300 ## - DESCRIPCIÓN FÍSICA
Extensión VIII, 139 p ;
Dimensiones 21 cm.
650 04 - PUNTO DE ACCESO ADICIONAL DE MATERIA--TÉRMINO DE MATERIA
Término de materia o nombre geográfico como elemento de entrada Sucesión intestada.
9 (RLIN) 17243
852 ## - LOCALIZACIÓN
Ubicación ES-MaACL
Número de control de estantería T-164-F-6
Holdings
Estatus retirado Estado de pérdida Estado de daño No para préstamo Colección Biblioteca de origen Biblioteca actual Ubicación en estantería Fecha de adquisición Fuente de adquisición Total de préstamos Signatura topográfica completa Código de barras Visto por última vez Precio de reemplazo Tipo de ítem Koha
        Colección de folletos Biblioteca del Ateneo de Madrid Biblioteca del Ateneo de Madrid Depósito folletos 17/01/2008     T-164-F-6 1047843 23/02/2023 23/02/2023 Folleto